00326nam a2200145Ia 4500003000400000005001700004008004000021040000700061041000800068082001700076100001600093245002800109260003400137300000900171OSt20260105114308.0210210b1973 xxu||||| |||| 00| 0 eng d cAL aeng a823.081 PLAC aJean Plaidy aCaptive queen of scodts aLondonbPan Books Ltd.,c1973 a444p